Distritos de Valencia - Estadísticas

Estadísticas generales
  • Esta prueba ha sido intentada 318 veces
    317 desde el último reinicio
  • La puntuación promedio es 8 de 19
Estadísticas de respuestas
Respuesta % Correcto
Benimaclet
77%
Patraix
69%
Ciutat Vella
67%
Campanar
63%
Benicalap
58%
Poblats Marítims
52%
Jesús
49%
Eixample
44%
Algirós
41%
Poblats del Sud
36%
Extramurs
35%
La Saidia
35%
Quatre Carreres
34%
Poblats del Nord
33%
Poblats de l'Oest
31%
Camins al Grau
29%
Pla del Real
28%
Olivereta
27%
Rascanya
26%
No se encontraron pruebas coincidentes
Distribución de puntuación
Porcentaje de gente con cada puntuación
Porcentaje por número respondido
Historial de tus puntuaciones
No has intentado esta prueba desde el último reinicio